AI images sudden death - Statistics

General Stats
  • This quiz has been taken 196 times
  • The average score is 3 of 10
Answers on the Grid
Answers color-coded by a green-red scale on the quiz's grid according to % correct below.
 
Answer Stats
Answer % Correct
74%
51%
47%
40%
34%
19%
15%
13%
10%
10%
No matching quizzes found
Score Distribution
Percent of People with Each Score
Percentile by Number Answered
Your Score History
You have not taken this quiz